Pays asiatiques avec la plus âgée population - Statistiques

Statistiques générales
  • Ce quiz a été pris 159 fois
  • Le résultat moyen est 6 sur 10
Statistiques - réponses
âge moyen Vieux pays % Correct
47.3 Japon
98%
41.8 Corée du Sud
90%
34.0 Corée du Nord
65%
40.7 Taiwan
62%
37.7 Thailande
57%
34.6 Singapour
56%
33.2 Qatar
40%
38.1 Georgie
34%
35.1 Armenie
33%
36.8 Chypre
25%
Aucun quiz correspondant
Distribution des résultats
% des personnes avec chaque résultat
Percentile par nombre de réponses
Votre historique - résultats
Vous n’avez pas pris ce quiz